00526nam a2200157Ia 4500008004100000041001200041082001600053100001600069245005100085260003400136300000900170650000700179942000700186999001500193952016000208221030s9999 xx 000 0 und d aEnglish a105.23bGup aB. R. Gupta 0aPower System Analysis & Designcby B. R. Gupta bWheeler Pub.aNew Delhic1985 a1985 aEE cBK c2568d2568 pBE 1566g170.00l0o105.23 Gupr2024-06-13 00:00:00w2022-10-30yBK003Print4070aMIETLIBbMIETLIBcBL-First, FL-1, CUP-34, SH-2, R-2d2000-05-1010HBE